000 00707cam a22002293a 4500
001 31698
003 PGUSA
005 20140828083703.0
008 100319s2010||||xxu|||||s|||||000 | eng d
040 _aPGUSA
_beng
042 _adc
050 4 _aPR
100 1 _aSaintsbury, George,
_d1845-1933
245 1 2 _aA History of Nineteenth Century Literature (1780-1895)
_h[electronic resource] /
_cGeorge Saintsbury
260 _bProject Gutenberg,
_c2010
506 _aPublic domain in the USA.
516 _aElectronic text
653 _aEnglish literature -- 19th century -- History and criticism
830 0 _aProject Gutenberg
_v31698
856 4 0 _uhttp://www.gutenberg.org/ebooks/31698
942 _cEB
999 _c260953
_d260953